Most popular music of these DJs - Statistics

General Stats
  • This quiz has been taken 47 times
  • The average score is 6 of 20
Answer Stats
Picture Answer % Correct
Alan Walker - Faded (feat. Iselin Solheim) : 3.3Mds de vues
77%
Avicci - Wake Me Up (feat. Aloe Black) : 2.1Mds de vues
67%
David Guetta - Titanium (feat. Sia) : 1,6Mds de vues
56%
Martin Garrix - Animal : 1.5Mds de vues
56%
The Chainsmokers - Closer (feat. Halsey) : 2,8Mds de vues
51%
Marshmello - Alone : 2.3Mds de vues
42%
Timmy Trumpet - Freaks (feat. Savage) : 215M de vues
42%
Swedish House Mafia - Don't You Worry Child : 874M de vues
33%
Calvin Harris - This Is What You Came For (feat. Rihanna) : 2.6Mds de vues
28%
Dimitri Vegas & Like Mike - Tremor (feat. Martin Garrix) : 633M de vues
28%
Armin Van Buuren - Blah Blah Blah : 641M de vues
23%
Kungs - This Girl (feat. Cookin’ on 3 Burners) : 480M de vues
23%
Dvbbs - Tsunami (feat. Borgeous, KSHMR) : 542M de vues
21%
KSHMR - Secrets (feat. Tiesto, Vassy) : 267M de vues
16%
Afrojack - Hey Mama (feat. David Guetta, Nicki Minaj, Bebe Rexha) : 1.5Mds de vues
14%
Daft Punk - Starboy (feat. The Weeknd) : 2.1Mds de vues
14%
Alesso - Under Control (feat. Calvin Harris) : 270M de vues
12%
Showtek - Bad (feat. David Guetta, Vassy) : 1Mds de vues
12%
DJ Snake - Lean On (feat. Major Lazer, MØ) : 3,2Mds de vues
7%
Tiesto - Don't Be Shy (feat. Karol G) : 301M de vues
5%
No matching quizzes found
Score Distribution
Percent of People with Each Score
Percentile by Number Answered
Your Score History
You have not taken this quiz